Complete guide to competency₋based education : practical techniques for planning, developing, implementing, and evaluating your program /

Bibliographic Details
Main Author: Bradley, Leo H., 1938-
Format: Book
Language:English
Published: Englewood Cliffs, N.J. : Prentice-Hall, [1987]
Subjects:

MARC

Tag First Indicator Second Indicator Subfields
LEADER 00000cam a2200000 a 4500
001 in00000016725
005 20181006063710.0
008 870605s1987 njua b 00110 eng
010 |a  87017628  
020 |a 0131600788 
035 |a (OCoLC)16225071 
035 |9 AAA9421AM 
040 |a DLC  |c DLC  |d TXA  |d UtOrBLW 
043 |a n-us--- 
049 |a TXAM  |c [A11081024] 
050 0 0 |a LC1032  |b .B72 1987 
082 0 |a 370/.7/32  |2 19 
100 1 |a Bradley, Leo H.,  |d 1938- 
245 1 0 |a Complete guide to competency₋based education :  |b practical techniques for planning, developing, implementing, and evaluating your program /  |c Leo H. Bradley. 
264 1 |a Englewood Cliffs, N.J. :  |b Prentice-Hall,  |c [1987] 
264 4 |c ©1987 
300 |a x, 326 pages :  |b illustrations ;  |c 29 cm. 
336 |a text  |b txt  |2 rdacontent 
337 |a unmediated  |b n  |2 rdamedia 
338 |a volume  |b nc  |2 rdacarrier 
504 |a Bibliography: page 322. 
500 |a Includes index. 
650 0 |a Competency-based education  |z United States. 
999 |a MARS 
999 f f |s 652d7926-66ec-3e63-aba6-85889883fbd5  |i 3fc7923f-435e-3c29-a99f-9f239669f994  |t 0 
952 f f |p normal  |a Texas A&M University  |b College Station  |c Sterling C. Evans Library  |d Evans: Library Stacks  |t 0  |e LC1032 .B72 1987  |h Library of Congress classification  |i unmediated -- volume  |m A14811081024 
998 f f |a LC1032 .B72 1987  |t 0  |l Evans: Library Stacks